| 000 | 00632nmm a2200241 a 4500 | ||
|---|---|---|---|
| 003 | AR-X00000XY | ||
| 005 | 20251128212001.0 | ||
| 008 | 167020s1998 ||||||||||||||000 | spa|| | ||
| 020 | _a950-765-073-3 | ||
| 040 | _cAR-X00000XY | ||
| 245 | 1 | 0 | _aCitas para saborear |
| 246 | 1 |
_aCitas para saborear _bla gloria de comer y de hablar sobre la comida |
|
| 260 |
_aBuenos Aires _bEdiciones de Mente _c1998 |
||
| 300 | 0 | _a128 p. | |
| 650 | 4 | _aCITAS | |
| 650 | 4 | _aPROVERBIOS | |
| 653 | 0 | _aREFRANES | |
| 653 | 0 | _aGASTRONOMIA | |
| 655 | _aLITERATURA | ||
| 700 | 1 |
_aFuchs, Ronald D. _ecompilador |
|
| 942 | _cBK | ||
| 998 | _cNancy | ||
| 999 |
_c21903 _d21903 |
||